| 000 | 00629nam a22002292 4500 | ||
|---|---|---|---|
| 999 |
_c17941 _d17941 |
||
| 001 | 0000018705 | ||
| 003 | OSt | ||
| 005 | 20191004161613.0 | ||
| 008 | 100608s xx 000 0 eng d | ||
| 020 | _a052156514 | ||
| 040 |
_aKABU _cKABU |
||
| 050 |
_aP40 _b.H83 2001 c. 1 |
||
| 100 | 1 | _aHudson, R. A. | |
| 245 | 1 | 0 |
_aSociolinguistics / _cR. A. Hudson. |
| 250 | _a2nd ed. | ||
| 260 |
_aCambridge : _bC. U. P., _c2001. |
||
| 300 | _a xv, 279 p. | ||
| 650 | 0 | _aSociolinguistics. | |
| 908 | _a100608 | ||
| 942 |
_2lcc _cBK _hP40 _i.H83 2001 c. 1 |
||